000 00483nam a22001817a 4500
003 OSt
005 20140507092939.0
008 140505b xxu||||| |||| 00| 0 eng d
020 _a9789810184261
050 _aQ 163
_b.G994s6a 2008
100 _aGwan, Wai Lan Teo
245 _aScience 6A :
_cKwa Siew Hwa.
260 _aSingapore :
_bFederal Publications,
_c2010.
300 _a70 p. :
_bcol. ill. ;
_c27 cm.
440 _aMy Pals are Here!
942 _2lcc
_cBK
999 _c115824
_d115824